| 000 | 00388nam a2200133Ia 4500 | ||
|---|---|---|---|
| 008 | 230222s9999||||xx |||||||||||||| ||und|| | ||
| 020 | _a0-582-32732-6 | ||
| 040 | _cChuka University Library | ||
| 050 |
_aQL 751 _bM33 1999 |
||
| 100 |
_aMcFarland, David _96764 |
||
| 245 | 0 | _aAnimal behavior:psychobiology,ethology and evolution | |
| 260 |
_aPearson Education _bLondon _c1999 |
||
| 942 | _cBK | ||
| 999 |
_c11489 _d11489 |
||